| 000 | 00594nam a22002057a 4500 | ||
|---|---|---|---|
| 005 | 20170124110028.0 | ||
| 010 | _a897625 | ||
| 020 |
_c00.00 _a333901819 |
||
| 035 | _a897625 | ||
| 037 | _bCen Lib/Ret | ||
| 040 |
_aDPL _bEN |
||
| 082 |
_a550.3 _bDIC |
||
| 245 |
_aA Dictionary of earth sciences / _cedited by Stella E. Stiegeler |
||
| 260 |
_aDelhi _bThe Macmillan Company of India _c1976 |
||
| 300 |
_a301p. : _c21cm(Hb) _bill |
||
| 650 |
_aEarth sciences _921015 |
||
| 650 |
_aGeology _917268 |
||
| 700 |
_aStiegeler, Stella E. _921016 |
||
| 942 |
_2ddc _cEN _h550.3 _mDIC |
||
| 999 |
_c127614 _d127614 |
||